000
00192 a2200097 4500
020
_a
823968685
041
_a
spa
100
_a
Suen Anastacia
245
_a
La historia del Baloncesto
942
_c
BK
999
_c
3870
_d
3870